| 000 | 02434nam0a2200421 4500 | ||
|---|---|---|---|
| 001 | RU\NLR\bibl\729727 | ||
| 005 | 20260405094922.0 | ||
| 010 |
_a5-7695-1781-6 _bв обл. _95100 |
||
| 021 |
_aRU _b2004-44708 _92221 |
||
| 035 | _a(NLR Aleph) 000719702 | ||
| 035 | _aRSL-KNO-002455552 | ||
| 090 |
_a695195 _c695195 |
||
| 100 | _a20040726d2004 |||y0rusy50 ca | ||
| 101 | 0 | _arus | |
| 102 | _aRU | ||
| 105 | _ay ||||||||| | ||
| 106 | _ar | ||
| 200 | 1 |
_aПсихология умственно отсталых школьников _eучеб. пособие для студентов вузов, обучающихся по спец. 031700 - Олигофренопедагогика, 031900 - Спец. психология _fВ.Г. Петова, И.В. Белякова |
|
| 205 | _a2-е изд., стер. | ||
| 210 |
_aМ. _cAcademia _d2004 _eГУП Сарат. полигр. комб. |
||
| 215 |
_a159, [1] с. _d22 |
||
| 225 | 1 |
_aВысшее профессиональное образование _iПедагогические специальности |
|
| 225 | 1 | _aУчебное пособие | |
| 320 | _aБиблиогр.: с. 157-158 | ||
| 606 | 0 |
_aУмственно-отсталые дети _jРуководства, пособия и т.п. для высшей школы _xПсихология _91610782 _3RU\NLR\auth\661008161 |
|
| 606 | 1 |
_aУмственно-отсталые дети _jУчебные издания для высших учебных заведений _xПсихологические исследования _91848116 _3RU\NLR\AUTH\661128622 |
|
| 610 | 0 | _aПсихология -- Отраслевая (прикладная) психология -- Медицинская психология -- Дефектологическая психология -- Психология умственноотсталых -- Дети -- Учебник для высшей школы | |
| 686 |
_aЮ948.25-734я73-1 _2rubbk |
||
| 686 | _aЮ948.25я73 | ||
| 700 | 1 |
_4070 _7ca _8rus _aПетрова _bВ. Г. _f1921-2011 _cд-р психол. наук _gВера Георгиевна _3RU\NLR\AUTH\7735516 _918513 |
|
| 701 | 1 |
_aБелякова _bИ. В. _4070 |
|
| 801 | 0 |
_aRU _bRuMoRKP _c20040726 _grcr |
|
| 801 | 1 |
_aRU _bRuMoRGB _c20040726 |
|
| 801 | 2 |
_aRU _bNLR _c20050228 _gPSBO |
|
| 942 | _cBOOK | ||
| 980 | _aNB | ||